000 01591cam a22001934a 4500
005 20250605164203.0
008 250528s ||||||||||||||||||||||||d
035 _a19825
020 _a9608543908
040 _aGR-AtMCL
_bgre
_dGR-AtMCL
_eAACR2
245 1 _aΕισαγωγή στη Στατιστική Σκέψη.
_nΤόμος 1: (Περιγραφική Στατιστική)
260 _bΑθήνα,
_c1993
300 _a264
520 _aΤο βιβλίο αυτό αποτελεί μια εισαγωγή στην Επιστήμη της Στατιστικής. Πρόλογος, Αντικείμενο της Στατιστικής και Στατιστική Σκέψη, Τρόποι Συλλογής Στοιχείων, Χάρτες Ροής, Εισαγωγή στα Βασικά Προβλήματα της Στατιστικής, Περιγραφή Δεδομένων με Γραφικές Μεθόδους, Κατανομή Δεδομένων, Διαγράμματα Σημείων, Πολύγωνα Συχνότητας, Αριθμητική Περιγραφή Δεδομένων, Μέτρα Θέσης ή Κεντρικής Τάσης, Μέτρα Μεταβλητότητας ή Διασποράς, Μέτρα Σχετικής Θέσης, Διάγραμμα Πλαισίου και Απολήξεων, Μέτρα Ασυμμετρίας και Κύρτωσης, Ασκήσεις, Βιβλιογραφία, Ευρετήριο, Ευρετήριο Αγγλικών Όρων.
700 1 _aΠανάρετος Ι
_95994
942 _cBK
999 _c5072
_d5072